[Event "Regionalliga Nord-Ost 1819"]
[Site "Bayern"]
[Date "2019.02.03"]
[Round "6.7"]
[White "Neumann, Robert"]
[Black "Weingut, Roland"]
[Result "1/2-1/2"]
[WhiteElo "1913"]
[BlackElo "1929"]
[PlyCount "21"]
[EventDate "2018.10.21"]
[EventType "team-tourn"]
[EventRounds "9"]
[EventCountry "GER"]
[SourceTitle "EXT 2022"]
[Source "ChessBase"]
[SourceDate "2021.10.06"]
[SourceVersion "1"]
[SourceVersionDate "2021.10.06"]
[SourceQuality "1"]
[WhiteTeam "Nuernberg NT III"]
[BlackTeam "Bad Koetzting"]
[WhiteTeamCountry "GER"]
[BlackTeamCountry "GER"]

1. d4 Nf6 2. Nf3 d5 3. c4 e6 4. g3 Bb4+ 5. Nc3 dxc4 6. Bg2 c5 7. 0-0 Nc6 8. dxc5 Qxd1 9. Rxd1 Bxc5 10. Na4 Be7 11. Bf4 1/2-1/2

[Event "Landesliga Nord 1718"]
[Site "Bayern"]
[Date "2018.03.18"]
[Round "8.5"]
[White "Seibold, Hubert"]
[Black "Weingut, Roland"]
[Result "1/2-1/2"]
[WhiteElo "2094"]
[BlackElo "1941"]
[PlyCount "72"]
[EventDate "2017.10.22"]
[EventType "team-tourn"]
[EventRounds "9"]
[EventCountry "GER"]
[SourceTitle "EXT 2022"]
[Source "ChessBase"]
[SourceDate "2021.10.06"]
[SourceVersion "1"]
[SourceVersionDate "2021.10.06"]
[SourceQuality "1"]
[WhiteTeam "Zirndorf"]
[BlackTeam "Bad Koetzting"]
[WhiteTeamCountry "GER"]
[BlackTeamCountry "GER"]

1. Nf3 d5 2. d4 Nf6 3. c4 e6 4. g3 Bb4+ 5. Nc3 0-0 6. Bg2 c6 7. 0-0 Nbd7 8. Qb3 Bd6 9. Rd1 Qe7 10. a4 dxc4 11. Qxc4 e5 12. a5 exd4 13. Nxd4 Ne5 14. Qa4 a6 15. h3 c5 16. Nf3 Bd7 17. Qc2 Nxf3+ 18. Bxf3 Bc6 19. Bxc6 bxc6 20. Bg5 Be5 21. Ne4 h6 22. Nxf6+ Bxf6 23. Bxf6 Qxf6 24. Qxc5 Qxb2 25. e3 Qb5 26. Rdc1 Rfd8 27. Kg2 Rac8 28. Rab1 Qa4 29. Rb4 Qa2 30. Rc2 Qd5+ 31. e4 Qd1 32. Rb6 Qe1 33. Qf5 g6 34. Qg4 Qxa5 35. Rbxc6 Rxc6 36. Rxc6 Qb5 1/2-1/2

[Event "Landesliga Nord 1718"]
[Site "Bayern"]
[Date "2018.02.04"]
[Round "6.6"]
[White "Weingut, Roland"]
[Black "Langer, Raphael"]
[Result "1/2-1/2"]
[WhiteElo "1941"]
[BlackElo "1919"]
[PlyCount "87"]
[EventDate "2017.10.22"]
[EventType "team-tourn"]
[EventRounds "9"]
[EventCountry "GER"]
[SourceTitle "EXT 2022"]
[Source "ChessBase"]
[SourceDate "2021.10.06"]
[SourceVersion "1"]
[SourceVersionDate "2021.10.06"]
[SourceQuality "1"]
[WhiteTeam "Bad Koetzting"]
[BlackTeam "Bindlach Aktionaer II"]
[WhiteTeamCountry "GER"]
[BlackTeamCountry "GER"]

1. d4 Nf6 2. Bg5 g6 3. Bxf6 exf6 4. g3 Bg7 5. Bg2 0-0 6. e3 d5 7. Nd2 c6 8. Ne2 Be6 9. 0-0 Nd7 10. b3 f5 11. Rc1 Nf6 12. c4 Ne4 13. Nf4 Qa5 14. Nxe4 fxe4 15. Qe2 g5 16. Nxe6 fxe6 17. Bh3 Rae8 18. Bg4 Qd8 19. Bh5 Re7 20. Qg4 h6 21. Rc2 Qd6 22. Kg2 e5 23. dxe5 Qxe5 24. cxd5 cxd5 25. Rc8 Rxc8 26. Qxc8+ Kh7 27. Rc1 Qe6 28. Bg4 Qxc8 29. Rxc8 Kg6 30. Rd8 h5 31. Bc8 Rc7 32. Be6 d4 33. exd4 e3 34. fxe3 Rc2+ 35. Kf3 g4+ 36. Ke4 Rxh2 37. Bf5+ Kf6 38. Rd6+ Ke7 39. Kd5 Rxa2 40. Re6+ Kd8 41. Rd6+ Ke7 42. Re6+ Kd8 43. Rd6+ Ke7 44. Re6+ 1/2-1/2

[Event "Landesliga Nord 1718"]
[Site "Bayern"]
[Date "2017.11.12"]
[Round "2.4"]
[White "Weingut, Roland"]
[Black "Kreuzer, Helmut"]
[Result "1/2-1/2"]
[WhiteElo "1941"]
[BlackElo "2117"]
[PlyCount "28"]
[EventDate "2017.10.22"]
[EventType "team-tourn"]
[EventRounds "9"]
[EventCountry "GER"]
[SourceTitle "EXT 2022"]
[Source "ChessBase"]
[SourceDate "2021.10.06"]
[SourceVersion "1"]
[SourceVersionDate "2021.10.06"]
[SourceQuality "1"]
[WhiteTeam "Bad Koetzting"]
[BlackTeam "Kelheim SK"]
[WhiteTeamCountry "GER"]
[BlackTeamCountry "GER"]

1. d4 Nf6 2. Bg5 d5 3. Bxf6 gxf6 4. c4 c6 5. e3 Bg7 6. Nc3 e6 7. Nf3 Nd7 8. cxd5 cxd5 9. Bd3 f5 10. 0-0 0-0 11. Qe2 Nb6 12. Rfc1 Bd7 13. a4 Nc8 14. a5 Nd6 1/2-1/2

[Event "Landesliga Nord 1516"]
[Site "Bayern"]
[Date "2016.02.21"]
[Round "7.6"]
[White "Weingut, Roland"]
[Black "Redzepovic, Irfan"]
[Result "0-1"]
[WhiteElo "1975"]
[BlackElo "2053"]
[PlyCount "71"]
[EventDate "2015.10.11"]
[EventType "team-tourn"]
[EventRounds "9"]
[EventCountry "GER"]
[SourceTitle "EXT 2018"]
[Source "ChessBase"]
[SourceDate "2017.10.13"]
[SourceVersion "1"]
[SourceVersionDate "2017.10.13"]
[SourceQuality "1"]
[WhiteTeam "Bad Koetzting"]
[BlackTeam "Nuernberg Sued SW"]
[WhiteTeamCountry "GER"]
[BlackTeamCountry "GER"]

1. d4 Nf6 2. c4 e6 3. g3 Bb4+ 4. Bd2 Qe7 5. a3 Bxd2+ 6. Nxd2 Nc6 7. Ngf3 a5 8. Bg2 d5 9. 0-0 0-0 10. Qc2 Rd8 11. Rfd1 a4 12. Rac1 Bd7 13. e3 Rdc8 14. Bf1 e5 15. cxd5 Nxd5 16. e4 Nf6 17. dxe5 Nxe5 18. Nxe5 Qxe5 19. Nc4 Qh5 20. Bg2 Bc6 21. h3 Nd7 22. Qc3 Re8 23. e5 Bxg2 24. Kxg2 Nc5 25. Qf3 Qh6 26. Qe3 Qc6+ 27. Qf3 Qb5 28. Rd4 Rad8 29. Rcd1 Rxd4 30. Rxd4 Ne6 31. Rh4 Ng5 32. Qe3 Qd5+ 33. f3 h6 34. Rd4 Qb5 35. h4 Ne6 36. Nd6 0-1

[Event "Landesliga Nord 1516"]
[Site "Bayern"]
[Date "2015.12.13"]
[Round "4.6"]
[White "Tiller, Jaroslav"]
[Black "Weingut, Roland"]
[Result "1/2-1/2"]
[WhiteElo "1998"]
[BlackElo "1975"]
[PlyCount "109"]
[EventDate "2015.10.11"]
[EventType "team-tourn"]
[EventRounds "9"]
[EventCountry "GER"]
[SourceTitle "EXT 2018"]
[Source "ChessBase"]
[SourceDate "2017.10.13"]
[SourceVersion "1"]
[SourceVersionDate "2017.10.13"]
[SourceQuality "1"]
[WhiteTeam "Bindlach Aktionaer II"]
[BlackTeam "Bad Koetzting"]
[WhiteTeamCountry "GER"]
[BlackTeamCountry "GER"]

1. d4 Nf6 2. Nf3 g6 3. Bg5 Ne4 4. Bf4 c5 5. Nbd2 d5 6. dxc5 Nxc5 7. e3 Bg7 8. c3 Bf5 9. Nb3 Ne4 10. Nbd4 Bc8 11. Nb5 Na6 12. Bd3 Nec5 13. Be2 0-0 14. 0-0 Bg4 15. h3 Bc8 16. b4 Ne4 17. Qb3 e6 18. Rac1 Bd7 19. Rfd1 Qe7 20. a3 Rfc8 21. c4 Bxb5 22. cxb5 Nc7 23. Be5 Bxe5 24. Nxe5 Qf6 25. Nf3 Ne8 26. Bd3 N8d6 27. a4 Kg7 28. Qa3 g5 29. Rxc8 Rxc8 30. Rc1 Rxc1+ 31. Qxc1 h5 32. Qc2 g4 33. hxg4 hxg4 34. Nd4 g3 35. fxg3 Qg5 36. Qe2 Qxg3 37. Nf3 Nc3 38. Qb2 d4 39. exd4 Nd5 40. Qd2 Nf4 41. Kf1 f6 42. a5 Kf7 43. Qc2 Nxd3 44. Qxd3 Nf5 45. Qe4 Qc7 46. Kf2 Qg3+ 47. Kg1 Qc7 48. Kf2 Qg3+ 49. Kg1 Qc7 50. a6 bxa6 51. bxa6 Qc1+ 52. Kh2 Qc7+ 53. Kg1 Qc1+ 54. Kh2 Qc7+ 55. Kg1 1/2-1/2

[Event "Landesliga Nord 1415"]
[Site "Bayern"]
[Date "2014.11.23"]
[Round "3.6"]
[White "Weingut, Roland"]
[Black "Flach, Manuel"]
[Result "1-0"]
[WhiteElo "1975"]
[BlackElo "1673"]
[PlyCount "51"]
[EventDate "2014.10.19"]
[EventType "team-tourn"]
[EventRounds "9"]
[EventCountry "GER"]
[SourceTitle "EXT 2018"]
[Source "ChessBase"]
[SourceDate "2017.10.13"]
[SourceVersion "1"]
[SourceVersionDate "2017.10.13"]
[SourceQuality "1"]
[WhiteTeam "Bad Koetzting"]
[BlackTeam "Klingenberg"]
[WhiteTeamCountry "GER"]
[BlackTeamCountry "GER"]

1. d4 c5 2. d5 Nf6 3. c4 e6 4. Nc3 exd5 5. cxd5 d6 6. e4 g6 7. Bd3 Bg7 8. Nge2 0-0 9. 0-0 Na6 10. h3 Nb4 11. Bb1 a5 12. Ng3 Nd7 13. f4 b5 14. Qf3 Qb6 15. Be3 a4 16. a3 Na6 17. e5 dxe5 18. f5 Nf6 19. Nge4 Nxe4 20. Bxe4 Bxf5 21. Bxf5 gxf5 22. Qxf5 Qb7 23. Rad1 Rad8 24. Ne4 Rxd5 25. Rxd5 Qxd5 26. Ng5 1-0

[Event "Regionalliga NO 1314"]
[Site "Bayern"]
[Date "2014.04.06"]
[Round "9.6"]
[White "Weingut, Roland"]
[Black "Reichmann, Ulrich"]
[Result "1/2-1/2"]
[WhiteElo "1971"]
[BlackElo "1939"]
[PlyCount "48"]
[EventDate "2013.10.13"]
[EventType "team-tourn"]
[EventRounds "9"]
[EventCountry "GER"]
[SourceTitle "EXT 2015"]
[Source "ChessBase"]
[SourceDate "2014.11.20"]
[SourceVersion "1"]
[SourceVersionDate "2014.11.20"]
[SourceQuality "1"]
[WhiteTeam "Bad Koetzting"]
[BlackTeam "Gunzenhausen"]
[WhiteTeamCountry "GER"]
[BlackTeamCountry "GER"]

1. d4 Nf6 2. c4 c5 3. d5 b5 4. Nf3 g6 5. cxb5 a6 6. Qc2 d6 7. e4 Nbd7 8. Nc3 Bg7 9. a4 0-0 10. Bf4 Ng4 11. Be2 axb5 12. Bxb5 Ba6 13. 0-0 Bxb5 14. Nxb5 Qb6 15. Bd2 Nge5 16. Nxe5 Nxe5 17. Bc3 Rfc8 18. f4 Ng4 19. Bxg7 Kxg7 20. Qc3+ Kg8 21. Rf3 Ra5 22. Qc4 Rca8 23. Ra2 Qa6 24. Rfa3 Qb6 1/2-1/2

[Event "Regionalliga NO 1314"]
[Site "Bayern"]
[Date "2013.12.15"]
[Round "4.5"]
[White "Killmann, Martin"]
[Black "Weingut, Roland"]
[Result "0-1"]
[WhiteElo "1947"]
[BlackElo "1971"]
[PlyCount "94"]
[EventDate "2013.10.13"]
[EventType "team-tourn"]
[EventRounds "9"]
[EventCountry "GER"]
[SourceTitle "EXT 2015"]
[Source "ChessBase"]
[SourceDate "2014.11.20"]
[SourceVersion "1"]
[SourceVersionDate "2014.11.20"]
[SourceQuality "1"]
[WhiteTeam "Forchheim II"]
[BlackTeam "Bad Koetzting"]
[WhiteTeamCountry "GER"]
[BlackTeamCountry "GER"]

1. d4 Nf6 2. c4 g6 3. Nc3 d5 4. Bg5 Ne4 5. cxd5 Nxc3 6. bxc3 Qxd5 7. Bf4 Qa5 8. Qd2 Bg7 9. Nf3 c5 10. e3 Nc6 11. Rb1 a6 12. Be2 b5 13. 0-0 Bf5 14. Rb2 0-0 15. Bd3 cxd4 16. cxd4 Qxd2 17. Rxd2 Bxd3 18. Rxd3 Nb4 19. Rd2 Rfc8 20. Be5 f6 21. Bg3 Rc3 22. Rb1 Rac8 23. Kf1 Rc1+ 24. Rxc1 Rxc1+ 25. Ke2 Ra1 26. Bc7 Rxa2 27. Rxa2 Nxa2 28. Kd2 Nb4 29. e4 f5 30. exf5 gxf5 31. Be5 Nc6 32. Bxg7 Kxg7 33. Kc3 Kf6 34. d5 Ne5 35. Nd4 Ng4 36. Nc6 Nxf2 37. Kb4 Nd3+ 38. Ka5 Nf4 39. Kxa6 Nxd5 40. Kxb5 Ne3 41. g3 Nf1 42. Kc4 Nxh2 43. Nd4 Nf1 44. Ne2 Kg5 45. Kd5 Kg4 46. Ke6 Nxg3 47. Nc3 h5 0-1

[Event "Regionalliga NO 1314"]
[Site "Bayern"]
[Date "2013.11.10"]
[Round "2.6"]
[White "Weingut, Roland"]
[Black "Diehl, Achim"]
[Result "1-0"]
[WhiteElo "1971"]
[BlackElo "1994"]
[PlyCount "83"]
[EventDate "2013.10.13"]
[EventType "team-tourn"]
[EventRounds "9"]
[EventCountry "GER"]
[SourceTitle "EXT 2015"]
[Source "ChessBase"]
[SourceDate "2014.11.20"]
[SourceVersion "1"]
[SourceVersionDate "2014.11.20"]
[SourceQuality "1"]
[WhiteTeam "Bad Koetzting"]
[BlackTeam "Nuernberg Sued SW II"]
[WhiteTeamCountry "GER"]
[BlackTeamCountry "GER"]

1. d4 d5 2. Nf3 a6 3. g3 Nf6 4. Bg2 e6 5. 0-0 Nbd7 6. Nbd2 b5 7. e4 Bb7 8. e5 Ng8 9. Re1 Ne7 10. Nf1 Ng6 11. h4 Be7 12. Bg5 c5 13. c3 cxd4 14. cxd4 Nb6 15. Rc1 0-0 16. Qd3 h6 17. Be3 Nc4 18. b3 Nxe3 19. Nxe3 Rc8 20. Rxc8 Qxc8 21. h5 Nh8 22. Qd2 Ba3 23. Ng4 Qd8 24. Bf1 Be7 25. Rc1 f6 26. exf6 Bxf6 27. Qe3 Bc8 28. Bd3 Nf7 29. Nfe5 Bd7 30. Nxf6+ gxf6 31. Nxf7 Rxf7 32. Bg6 Rg7 33. Qxh6 f5 34. Qe3 b4 35. Qe5 Qf8 36. Rc7 Bc8 37. Kg2 Bd7 38. Rxd7 Rxd7 39. Qxe6+ Rf7 40. Qxf7+ Qxf7 41. Bxf7+ Kxf7 42. Kf3 1-0

[Event "Regionalliga NO 1314"]
[Site "Bayern"]
[Date "2013.10.13"]
[Round "1.6"]
[White "Rieger, Martin"]
[Black "Weingut, Roland"]
[Result "1/2-1/2"]
[WhiteElo "1972"]
[BlackElo "1971"]
[PlyCount "88"]
[EventDate "2013.10.13"]
[EventType "team-tourn"]
[EventRounds "9"]
[EventCountry "GER"]
[SourceTitle "EXT 2015"]
[Source "ChessBase"]
[SourceDate "2014.11.20"]
[SourceVersion "1"]
[SourceVersionDate "2014.11.20"]
[SourceQuality "1"]
[WhiteTeam "Schwandorf"]
[BlackTeam "Bad Koetzting"]
[WhiteTeamCountry "GER"]
[BlackTeamCountry "GER"]

1. d4 Nf6 2. Nf3 g6 3. g3 Bg7 4. Bg2 0-0 5. 0-0 d5 6. c4 dxc4 7. Na3 Nc6 8. Nxc4 Be6 9. b3 a5 10. Bb2 Bd5 11. Rc1 h6 12. Ne3 Be4 13. Ne5 Bxg2 14. Kxg2 Nb4 15. a3 Nbd5 16. Nc2 h5 17. f3 Bh6 18. e4 Nb6 19. Rb1 Nfd7 20. Qe2 Nxe5 21. dxe5 Qd2 22. Qxd2 Bxd2 23. f4 a4 24. bxa4 Rxa4 25. Rf2 Ba5 26. Re2 Rd8 27. Ba1 e6 28. h3 Kg7 29. g4 hxg4 30. hxg4 Rd2 31. Rxd2 Bxd2 32. Kf3 Rc4 33. Nd4 Bc3 34. Nb5 Bxa1 35. Rxa1 Na4 36. f5 g5 37. Rd1 c6 38. Nc7 Rc3+ 39. Kg2 Nc5 40. Ne8+ Kf8 41. Nf6 Ke7 42. Ng8+ Ke8 43. Nf6+ Ke7 44. Ng8+ Ke8 1/2-1/2

[Event "Regionalliga NO 1213"]
[Site "Bayern"]
[Date "2013.02.24"]
[Round "7.5"]
[White "Schlaffer, Josef"]
[Black "Weingut, Roland"]
[Result "1/2-1/2"]
[WhiteElo "1816"]
[BlackElo "1923"]
[PlyCount "37"]
[EventDate "2012.10.14"]
[EventType "team-tourn"]
[EventRounds "9"]
[EventCountry "GER"]
[SourceTitle "EXT 2015"]
[Source "ChessBase"]
[SourceDate "2014.11.20"]
[SourceVersion "1"]
[SourceVersionDate "2014.11.20"]
[SourceQuality "1"]
[WhiteTeam "Amberg Siemens"]
[BlackTeam "Bad Koetzting"]
[WhiteTeamCountry "GER"]
[BlackTeamCountry "GER"]

1. d4 Nf6 2. Nf3 g6 3. c4 Bg7 4. Nc3 d5 5. cxd5 Nxd5 6. e4 Nxc3 7. bxc3 c5 8. Be3 Nc6 9. Rb1 Qa5 10. Qd2 a6 11. Bc4 0-0 12. Bd5 Rd8 13. Ke2 cxd4 14. cxd4 Qxd2+ 15. Kxd2 Nxd4 16. Nxd4 Bxd4 17. Bxd4 e6 18. Bxb7 Bxb7 19. Ke3 1/2-1/2

[Event "Regionalliga NO 1213"]
[Site "Bayern"]
[Date "2012.11.25"]
[Round "3.5"]
[White "Stoeckl, Stephan"]
[Black "Weingut, Roland"]
[Result "1/2-1/2"]
[WhiteElo "2050"]
[BlackElo "1923"]
[PlyCount "28"]
[EventDate "2012.10.14"]
[EventType "team-tourn"]
[EventRounds "9"]
[EventCountry "GER"]
[SourceTitle "EXT 2015"]
[Source "ChessBase"]
[SourceDate "2014.11.20"]
[SourceVersion "1"]
[SourceVersionDate "2014.11.20"]
[SourceQuality "1"]
[WhiteTeam "Schwandorf"]
[BlackTeam "Bad Koetzting"]
[WhiteTeamCountry "GER"]
[BlackTeamCountry "GER"]

1. Nf3 Nf6 2. c4 g6 3. b3 Bg7 4. Bb2 0-0 5. g3 c5 6. Bg2 Nc6 7. 0-0 d6 8. d3 Bd7 9. Nc3 a6 10. Re1 Rb8 11. e3 b5 12. Qe2 e6 13. cxb5 axb5 14. Rac1 b4 1/2-1/2

[Event "Landesliga Nord 0910"]
[Site "Bayern"]
[Date "2009.11.15"]
[Round "2.7"]
[White "Weingut, Roland"]
[Black "Zoeller, Bernd"]
[Result "1/2-1/2"]
[WhiteElo "1842"]
[BlackElo "1867"]
[PlyCount "24"]
[EventDate "2009.10.18"]
[EventType "team-tourn"]
[EventRounds "9"]
[EventCountry "GER"]
[SourceTitle "EXT 2011"]
[Source "ChessBase"]
[SourceDate "2010.11.26"]
[SourceVersion "1"]
[SourceVersionDate "2010.11.26"]
[SourceQuality "1"]
[WhiteTeam "Koetzting"]
[BlackTeam "Klingenberg"]
[WhiteTeamCountry "GER"]
[BlackTeamCountry "GER"]

1. d4 Nf6 2. Bg5 e6 3. e4 h6 4. Bxf6 Qxf6 5. Qd2 c5 6. e5 Qd8 7. d5 d6 8. Bb5+ Bd7 9. Bxd7+ Qxd7 10. exd6 Bxd6 11. dxe6 Qxe6+ 12. Qe2 Qxe2+ 1/2-1/2

[Event "Landesliga Nord 0910"]
[Site "Bayern"]
[Date "2009.10.18"]
[Round "1.7"]
[White "Lautner, Juergen"]
[Black "Weingut, Roland"]
[Result "1/2-1/2"]
[WhiteElo "1896"]
[BlackElo "1842"]
[PlyCount "49"]
[EventDate "2009.10.18"]
[EventType "team-tourn"]
[EventRounds "9"]
[EventCountry "GER"]
[SourceTitle "EXT 2011"]
[Source "ChessBase"]
[SourceDate "2010.11.26"]
[SourceVersion "1"]
[SourceVersionDate "2010.11.26"]
[SourceQuality "1"]
[WhiteTeam "Schwandorf"]
[BlackTeam "Koetzting"]
[WhiteTeamCountry "GER"]
[BlackTeamCountry "GER"]

1. d4 Nf6 2. Bf4 d5 3. e3 c6 4. c4 e6 5. Nc3 Nbd7 6. Nf3 Be7 7. h3 dxc4 8. Bxc4 Nd5 9. Bh2 N7f6 10. 0-0 0-0 11. Qe2 Nxc3 12. bxc3 Qa5 13. e4 Qh5 14. Rfe1 b6 15. Qe3 Nd7 16. e5 Bb7 17. Rad1 b5 18. Bf1 Qg6 19. Bd3 Qh5 20. Nd2 Nb6 21. Ne4 Nd5 22. Qd2 a6 23. Ng3 Qg5 24. Qc2 Qh6 25. Be4 1/2-1/2

[Event "Landesliga Nord 0809"]
[Site "Bayern"]
[Date "2009.01.18"]
[Round "5.7"]
[White "Weingut, Roland"]
[Black "Sargin, Anatol"]
[Result "0-1"]
[WhiteElo "1845"]
[BlackElo "2112"]
[PlyCount "44"]
[EventDate "2008.10.05"]
[EventType "team-tourn"]
[EventRounds "9"]
[EventCountry "GER"]
[SourceTitle "EXT 2020"]
[Source "ChessBase"]
[SourceDate "2019.10.17"]
[SourceVersion "1"]
[SourceVersionDate "2019.10.17"]
[SourceQuality "1"]
[WhiteTeam "Koetzting"]
[BlackTeam "Nuernberg NT II"]
[WhiteTeamCountry "GER"]
[BlackTeamCountry "GER"]

1. d4 e6 2. Nf3 d5 3. g3 f5 4. Bg2 Nf6 5. 0-0 Bd6 6. c4 c6 7. b3 Qe7 8. a4 0-0 9. Ba3 Bxa3 10. Nxa3 Bd7 11. Nc2 Be8 12. Nce1 Nbd7 13. Nd3 Bh5 14. Nfe5 Nxe5 15. dxe5 Ne4 16. Bxe4 fxe4 17. Nf4 Rxf4 18. gxf4 Rf8 19. f3 Rxf4 20. Qe1 exf3 21. exf3 Bxf3 22. Qf2 Rg4+ 0-1

[Event "Oberpfalz-ch M2"]
[Site "Kareth Lappersdorf"]
[Date "2008.03.15"]
[Round "2"]
[White "Schiller, Stefan"]
[Black "Weingut, Roland"]
[Result "1-0"]
[WhiteElo "1715"]
[BlackElo "1798"]
[PlyCount "117"]
[EventDate "2008.03.15"]
[EventType "swiss"]
[EventRounds "8"]
[EventCountry "GER"]
[SourceTitle "EXT 2022"]
[Source "ChessBase"]
[SourceDate "2021.10.06"]
[SourceVersion "1"]
[SourceVersionDate "2021.10.06"]
[SourceQuality "1"]

1. e4 c5 2. a3 e6 3. b4 cxb4 4. axb4 Bxb4 5. Bb2 Nf6 6. e5 Nd5 7. c4 Ne7 8. Bd3 Ng6 9. Nf3 Nc6 10. h4 Bc5 11. Bc3 Qc7 12. Bxg6 hxg6 13. Na3 Qb8 14. d4 Bxa3 15. Rxa3 d6 16. Bb2 Qc7 17. exd6 Qxd6 18. Rb3 Na5 19. Rc3 Qb4 20. Qc2 Nxc4 21. Bc1 Bd7 22. 0-0 b5 23. Rb3 Qd6 24. Re1 Bc6 25. Bg5 Bxf3 26. Rxf3 0-0 27. Rd3 Qd5 28. Be7 Rfe8 29. Bc5 a5 30. Rg3 Qf5 31. Qb3 Rab8 32. Rg5 Qf4 33. g3 Qd2 34. Rd1 Qb2 35. Qf3 Qc2 36. h5 Nd2 37. Qe2 b4 38. Qxd2 b3 39. Ba3 Qa2 40. Qb2 Rbc8 41. Rd2 Qxb2 42. Rxb2 a4 43. Ra5 Rc4 44. hxg6 Rxd4 45. gxf7+ Kxf7 46. Ra7+ Kf6 47. Rb1 e5 48. Bb2 Re4 49. f4 Kf5 50. Bxe5 g5 51. Rf7+ Ke6 52. Rf6+ Kd5 53. Rd6+ Kc4 54. Rc1+ Kb4 55. Rb6+ Ka5 56. Rcc6 Re3 57. Kf2 Rd3 58. Bc7 Re7 59. Rc5# 1-0

[Event "Oberpfalz-ch M2"]
[Site "Schwarzenfeld"]
[Date "2005.??.??"]
[Round "1"]
[White "Weingut, Roland"]
[Black "Grasser, Martin"]
[Result "1/2-1/2"]
[WhiteElo "1653"]
[BlackElo "1824"]
[PlyCount "117"]
[EventDate "2005.03.19"]
[EventType "swiss"]
[EventRounds "8"]
[EventCountry "GER"]
[SourceTitle "EXT 2022"]
[Source "ChessBase"]
[SourceDate "2021.10.06"]
[SourceVersion "1"]
[SourceVersionDate "2021.10.06"]
[SourceQuality "1"]

1. d4 Nf6 2. Nf3 d5 3. e3 e6 4. Bd3 Nbd7 5. Nbd2 Bd6 6. 0-0 0-0 7. Re1 a5 8. e4 dxe4 9. Nxe4 Nxe4 10. Rxe4 Re8 11. Qe2 Nf8 12. h4 f5 13. Bg5 fxe4 14. Bxd8 exd3 15. Qxd3 Rxd8 16. Re1 Bd7 17. c4 c6 18. c5 Bc7 19. Ng5 h6 20. Nf3 Be8 21. Qc3 a4 22. Qe3 Rd5 23. g4 Bf7 24. h5 Re8 25. Qa3 Ra8 26. Qe3 Nd7 27. g5 Bxh5 28. Qxe6+ Kh7 29. Qe4+ Bg6 30. Qg4 Rf8 31. gxh6 Kxh6 32. Re7 Nf6 33. Qh3+ Rh5 34. Qg2 Nd5 35. Rd7 Rff5 36. Kf1 Nf4 37. Qg1 Ba5 38. Rd6 Rf6 39. Rxf6 gxf6 40. Ne1 Nd3 41. Nf3 Be4 42. Qg4 f5 43. Qg3 f4 44. Qg4 Rh1+ 45. Ng1 Rh2 46. Qe6+ Bg6 47. Nh3 f3 48. Qe3+ Kh7 49. Qe7+ Kg8 50. Qe6+ Kg7 51. Qe7+ Bf7 52. Qg5+ Kf8 53. Qh6+ Kg8 54. Qg5+ Kh7 55. Qh4+ Kg7 56. Qg5+ Bg6 57. Qe7+ Kg8 58. Qe6+ Kg7 59. Qe7+ 1/2-1/2

[Event "Oberpfalz-ch M2"]
[Site "Schwarzenfeld"]
[Date "2005.??.??"]
[Round "6"]
[White "Zinkl, Wolfgang"]
[Black "Weingut, Roland"]
[Result "1-0"]
[WhiteElo "2032"]
[BlackElo "1653"]
[PlyCount "43"]
[EventDate "2005.03.19"]
[EventType "swiss"]
[EventRounds "8"]
[EventCountry "GER"]
[SourceTitle "EXT 2022"]
[Source "ChessBase"]
[SourceDate "2021.10.06"]
[SourceVersion "1"]
[SourceVersionDate "2021.10.06"]
[SourceQuality "1"]

1. c4 c5 2. Nc3 e6 3. Nf3 Nf6 4. g3 b6 5. Bg2 Bb7 6. 0-0 Be7 7. d3 0-0 8. Bd2 d6 9. a3 Nbd7 10. b4 cxb4 11. axb4 d5 12. cxd5 Nxd5 13. Nxd5 Bxd5 14. Qa4 a6 15. Rac1 Bd6 16. Nd4 b5 17. Qc2 Bxg2 18. Kxg2 Ra7 19. Kg1 Qa8 20. Qa2 Rc8 21. Rxc8+ Qxc8 22. Nxb5 1-0